Statistics for Literature by Letter 'T' (Multiple Choice)

Click here to take the quiz!

General Stats

  • This quiz has been taken 7 times
  • The average score is 4 of 5

Answer Stats

QuestionAnswer% Correct
Train. Hostages. Ransom demand.The Taking of Pelham One Two Three
100%
Bildungsroman. Atticus Finch.To Kill a Mockingbird
100%
Gold prospectors. Greed.The Treasure of the Sierra Madre
71%
Cold War. Cuban ICBMs. Leon Uris. Bullsheep. Zzz.Topaz
71%
Ireland. Potato crop failure. Irish Republican Brotherhood. 1916.Trinity
57%

Score Distribution

Percentile by Number Answered

Percent of People with Each Score

Your Score History

You have not taken this quiz